| 000 | 01211nam a2200289 i 4500 | ||
|---|---|---|---|
| 001 | 88872 | ||
| 003 | ES-MaACL | ||
| 005 | 20251111063348.0 | ||
| 007 | t| | ||
| 008 | 041227s2002 xxk ||||1| eng d | ||
| 020 | _a1-85437-376-5 | ||
| 080 | _a7 Matisse, Henri (083.824) | ||
| 080 | _a7 Picasso, Pablo (083.824) | ||
| 100 | 1 |
_aMatisse, Henri, _d1869-1954 _979085 |
|
| 245 | 1 | 0 |
_aMatisse, Picasso _b: [exposición] / _cElizabeth Cowling ... [et al.]. |
| 260 |
_a[London] : _bTate Publishing, _c[2002] |
||
| 300 |
_a400 p. : _bil. ; _c31 cm. |
||
| 500 | _aExposición itinerante celebrada en Tate Modern, Londres, del 11 de mayo al 18 de agosto de 2002, París, Galeries nationales du Grand Palais, del 17 de septiembre de 2002 al 6 de enero de 2003 y en el Museo of Modern Art de Nueva York, del 13 de febrero al 19 de mayo de 2003. | ||
| 600 | 1 | 4 |
_aMatisse, Henri- _vExposiciones. _979086 |
| 600 | 1 | 4 |
_aPicasso, Pablo, _d1881-1973- _vExposiciones _991797 |
| 655 | 7 |
_2tgfbne _9193628 _aCatálogos de exposiciones |
|
| 700 | 1 |
_aCowling, Elizabeth. _941385 |
|
| 700 | 1 |
_aPicasso, Pablo, _d1881-1973 _991794 |
|
| 852 |
_aES-MaACL _jE-10723 _bR.134918 |
||
| 942 | _2udc | ||
| 999 |
_c88872 _d88872 |
||